Online
Catalog

Las novelas de Jack London : (Record no. 2658)

MARC details
000 -CABECERA
campo de control de longitud fija 01111cam a2200277 a 4500
001 - NÚMERO DE CONTROL
campo de control 000002824
005 - FECHA Y HORA DE LA ÚLTIMA TRANSACCIÓN
campo de control 20200929150250.0
008 - DATOS DE LONGITUD FIJA--INFORMACIÓN GENERAL
campo de control de longitud fija 820802s1983 mx b 001 0 spa
040 ## - FUENTE DE LA CATALOGACIÓN
Centro catalogador/agencia de origen DO-SdBNP
Centro/agencia transcriptor DLC
Centro/agencia modificador DLC
041 17 - CÓDIGO DE LENGUA
Código de lengua del texto/banda sonora o título independiente spa
Código de lengua original eng
Fuente del código Código de idioma MARC
082 ## - NÚMERO DE LA CLASIFICACIÓN DECIMAL DEWEY
Número de clasificación 813.09
Número de documento/Ítem L847W
100 1# - ENTRADA PRINCIPAL--NOMBRE DE PERSONA
Nombre de persona Watson, Charles N.,
Fechas asociadas al nombre 1939-
9 (RLIN) 8938
245 14 - MENCIÓN DE TÍTULO
Título Las novelas de Jack London :
Resto del título una revaluación /
Mención de responsabilidad, etc. Charles N. Watson, Jr. ; traducción, Elisa Moreno C.
260 ## - PUBLICACIÓN, DISTRIBUCIÓN, ETC.
Lugar de publicación, distribución, etc. Wisconsin, Estados Unidos :
Nombre del editor, distribuidor, etc. University of Wisconsin Press,
Fecha de publicación, distribución, etc. 1983.
300 ## - DESCRIPCIÓN FÍSICA
Extensión 307 p. ;
Dimensiones 21 cm.
504 ## - NOTA DE BIBLIOGRAFÍA, ETC.
Nota de bibliografía, etc. Bibliografías : p. 291-293.
504 ## - NOTA DE BIBLIOGRAFÍA, ETC.
Nota de bibliografía, etc. Incluye referencia de temas
504 ## - NOTA DE BIBLIOGRAFÍA, ETC.
Nota de bibliografía, etc. Incluye índice.
534 ## - NOTA SOBRE LA VERSIÓN ORIGINAL
Encabezamiento principal del original Título original :
Mención de título del original The novels of Jack London : a reappraisal
600 14 - PUNTO DE ACCESO ADICIONAL DE MATERIA--NOMBRE DE PERSONA
Nombre de persona LONDON, JACK
Fechas asociadas al nombre 1876-1916
Subdivisión general CRÍTICA E INTERPRETACIÓN
9 (RLIN) 8939
650 #4 - PUNTO DE ACCESO ADICIONAL DE MATERIA--TÉRMINO DE MATERIA
Término de materia o nombre geográfico como elemento de entrada Novela estadounidense
Subdivisión general Historia y crítica
9 (RLIN) 8940
650 #4 - PUNTO DE ACCESO ADICIONAL DE MATERIA--TÉRMINO DE MATERIA
Término de materia o nombre geográfico como elemento de entrada Novelas estadounidense
Subdivisión de forma COLECCIONES
9 (RLIN) 8941
650 #4 - PUNTO DE ACCESO ADICIONAL DE MATERIA--TÉRMINO DE MATERIA
Término de materia o nombre geográfico como elemento de entrada Literatura estadounidense
Subdivisión general Historia y crítica
9 (RLIN) 6786
700 1# - PUNTO DE ACCESO ADICIONAL--NOMBRE DE PERSONA
Nombre de persona Moreno C., Elisa
Término indicativo de función/relación tr.
9 (RLIN) 8942
910 ## - DATOS DE OPCIÓN DEL USUARIO (OCLC)
Datos de opción del usuario Catalogación por copia / LC
Holdings
Estado de retiro Estado de pérdida Restricciones de uso No para préstamo Código de colección Localización permanente Ubicación/localización actual Ubicación en estantería Fecha de adquisición Número de inventario Total de préstamos Signatura topográfica completa Código de barras Fecha visto por última vez Precio válido a partir de Tipo de ítem Koha
    Préstamo interno   Monografías: Libros y Folletos General General En catalogación 03.07.2009 LF1   813.09 L847W 2824-10 25.06.2020 25.06.2020 Préstamo interno

Powered by Koha